| 000 | 00351nam a22001577a 4500 | ||
|---|---|---|---|
| 003 | SGT | ||
| 020 | _a9780781780476 | ||
| 082 |
_a612.895 _bH09E |
||
| 100 | _aEMANUEL, DIANA C. | ||
| 245 | _aHEARING SCIENCE | ||
| 260 |
_aPHILADELPHIA _bWOLTERS KLUWER _c2009 |
||
| 300 | _a335 | ||
| 650 | _aAUDIOLOGY | ||
| 653 | _aHEARING SCIENCE | ||
| 942 |
_2ddc _cBK |
||
| 999 |
_c27006 _d27006 |
||